Controles? : Exposició sobre els riscos de les drogues i com prevenir-ne el consum : Autoguia Autoguia
Publicado:
Barcelona :
Diputació de Barcelona. Centre de Prevenció i Intervenció en Drogodependències SPOTT ,
2018
Descripción Física:
1 quadríptic ; il·lustracions color ; 15 x 21 cm
Idioma:
Catalán
MARC
| LEADER | 00000nam a22000007a 4500 | ||
|---|---|---|---|
| 001 | 27981 | ||
| 003 | Arxiu | ||
| 005 | 20260324181518.0 | ||
| 008 | 230606b spa||||| |||| 00| 0 cat d | ||
| 017 | |a B 18024-2018 | ||
| 040 | |a agdb |b cat | ||
| 110 | 1 | |9 52862 |a Barcelona (Catalunya : Província). |b Centre de Prevenció i Intervenció en Drogodependències SPOTT | |
| 245 | |a Controles? : Exposició sobre els riscos de les drogues i com prevenir-ne el consum : |b Autoguia | ||
| 260 | |a Barcelona : |b Diputació de Barcelona. Centre de Prevenció i Intervenció en Drogodependències SPOTT ; |c 2018 | ||
| 300 | |a 1 quadríptic ; |b il·lustracions color ; |c 15 x 21 cm | ||
| 650 | 0 | |9 49573 |a Drogoaddicció |x Prevenció | |
| 650 | 0 | |a Drogoaddicció |v Manuals, guies, etc. |x Prevenció | |
| 710 | 1 | |9 52907 |a Barcelona (Catalunya : Província). |b Gerència de Serveis de Benestar Social | |
| 942 | |2 udc |c ARXIU |n 1 | ||
| 952 | |0 0 |1 0 |2 udc |4 0 |6 FU7613 |7 1 |9 66459 |a Arxiu |b Arxiu |d 2023-06-06 |l 0 |o FU-76-13 |p 27981 |r 2023-06-06 00:00:00 |w 2023-06-06 |y ARXIU | ||
| 999 | |c 83792 |d 83792 | ||